000 00897nam a2200253Ia 4500
003 OSt
005 20220923211234.0
006 a|||||r|||| 00| 0
007 ta
008 Pun
020 _a9788171435883 (hbk)
_c160
024 _a280,576
037 _b807, 09/03/2014, H.K. Prakashan
_cTextual
040 _aARTS
_cARTS
_bPun
041 _2Pun
_aPun
082 _aO153,1:g, Q3
100 _aਬਰਾੜ, ਬੂਟਾ ਸਿੰਘ, ਥਦ.
245 0 _aਪੰਜਾਬੀ ਕਿੱਸਾ ਕਾਵਿ
_b ਪਰੰਪਰਾ ਤੇ ਪ੍ਰਵਾਹ
260 _aਅੰਮ੍ਰਿਤਸਰ
_b ਰਵੀ ਸਾਹਿਤ ਪ੍ਰਕਾFਨ
_c2013
300 _a144ਪੰ
_ccm.
650 _aਪੰਜਾਬੀ ਸਾਹਿਤ
942 _hO153,1:g, Q3
_cTEXL
_2CC
999 _c297463
_d297463